Visualizzazione normale
Vista MARC
- Biblia.
di Uniform Title
Records bibliografici associati: 1
001 - CONTROL NUMBER
- control field: 57809
003 - CONTROL NUMBER IDENTIFIER
- control field:
005 - DATE AND TIME OF LATEST TRANSACTION
- control field: 20190422180253.0
008 - FIXED-LENGTH DATA ELEMENTS
- fixed length control field: 190422|| aca||aabn | a|a d
040 ## - CATALOGING SOURCE
- Original cataloging agency:
- Transcribing agency:
130 ## - HEADING--UNIFORM TITLE
- Uniform title: Biblia.
- Form subdivision: N.T.
- General subdivision: Epistolae s. Pauli
- Title of a work: Ad Romanos
670 ## - SOURCE DATA FOUND
- Source citation: Work cat.: (): Forte, Bruno. vescovo 1949- autore 57808, Alla scuola di Paolo per vivere di Cristo., 2009